000 00592nam a2200217Ia 4500
001 21813
003 GE_BSU
008 181216s||||||||xx |||||||||||||| ||und||
020 _a9783894491475
040 _cGE_BSU
080 _a811.112.09
100 _aGigl, Claus:
245 _aAbitur-Wissen - Deutsch Deutsche Literaturgeschichte
260 _bStark
260 _c1999
300 _a258p. 24cm.
541 _h10 Gel.
653 _aAbitur-Wissen - Deutsch Deutsche Literaturgeschichte
653 _aგერმანული ენა, ლიტერატურა
942 _cBK
999 _c54746
_d54746